000 01013nam a22001457a 4500
999 _c527956
_d527956
008 241011b ||||| |||| 00| 0 eng d
100 _aAnnamalai, A.
_959183
245 _aGandhiji’s philosophy on Swachhata through self-practice
260 _aYojana
300 _a68(10), Oct, 2024: p.57-61
520 _aGandhiji was deeply committed to the idea the cleanliness and sanitation is fundamental human qualities. He famously sated, “everyone must be his own scavenger,” and led by example, cleaning filth himself when others refuse,. His experiences South Africa and India Solidified his belief in the necessity of both personal and community hygiene. He declared, “ A lavatory must be as clean as a drawing room. “Gandhiji’s vision for India’s independence included societal transformation, with “village satiation and knowledge of health and hygiene “being key components of his 18 point constructive progrmme. – Reproduced
773 _aYojana
906 _aSANITATION
942 _cAR